Welthauptstädte nach den ersten beiden Buchstaben - Statistiken

Allgemein
  • Dieses Quiz wurde 4.166 mal gespielt
  • Das Durchschnittsergebnis liegt bei 113 aus 196
Antworten auf der Karte
Die Antworten werden auf der Karte rot bzw. grün angezeigt, abhängig davon wie oft sie richtig erraten wurden.
 
Antwortstatistiken
Hauptstadt % Korrekt
Peking
98%
Beirut
97%
Belgrad
97%
Belmopan
97%
Berlin
97%
Bern
97%
Madrid
92%
Majuro
92%
Malabo
92%
Malé
92%
Managua
92%
Manama
92%
Manila
92%
Maputo
92%
Maseru
92%
Maskat
92%
Mogadischu
90%
Monaco
90%
Monrovia
90%
Montevideo
90%
Moroni
90%
Moskau
90%
Warschau
89%
Washington
89%
Libreville
88%
Lilongwe
88%
Lissabon
88%
Brasília
86%
Bratislava
86%
Brazzaville
86%
Bridgetown
86%
Brüssel
86%
Lomé
83%
London
83%
Pretoria, Kapstadt oder Bloemfontein
82%
Palikir
81%
Panama-Stadt
81%
Paramaribo
81%
Paris
81%
Mexiko-Stadt
79%
Saint George's
79%
Saint John's
79%
Sanaa
79%
San José
79%
San Marino
79%
San Salvador
79%
Santiago
79%
Santo Domingo
79%
São Tomé
79%
Sarajevo
79%
Dublin
77%
Duschanbe
77%
Reykjavík
76%
Andorra la Vella
75%
Ankara
75%
Antananarivo
75%
Oslo
75%
Stockholm
75%
Canberra
74%
Caracas
74%
Castries
74%
Budapest
72%
Buenos Aires
72%
Bukarest
72%
Tokio
71%
Helsinki
70%
Kabul
69%
Kairo
69%
Kampala
69%
Kathmandu
69%
Kigali
66%
Kingston
66%
Kingstown
66%
Kinshasa
66%
Riad
65%
Riga
65%
Amman
64%
Amsterdam
64%
Bagdad
64%
Baku
64%
Bamako
64%
Bandar Seri Begawan
64%
Bangkok
64%
Bangui
64%
Banjul
64%
Basseterre
64%
Kopenhagen
63%
La Paz oder Sucre
61%
Ottawa
60%
Roseau
60%
Taipeh
60%
Tallinn
60%
Taschkent
60%
Luanda
59%
Lusaka
59%
Luxemburg
59%
Neu-Delhi
59%
Porto-Novo oder Cotonou
58%
Wien
58%
Windhoek
58%
Hanoi
57%
Harare
57%
Havanna
57%
Seoul
57%
Minsk
55%
Vaduz
55%
Valletta
55%
Vatikanstadt
55%
Aşgabat
53%
Asmara
53%
Astana
53%
Asunción
53%
Bogotá
53%
Lima
53%
Nairobi
53%
Nassau
53%
Naypyidaw
53%
Algier
52%
Tunis
52%
Prag
50%
Praia
50%
Priština
50%
Rabat
50%
Podgorica
49%
Port-au-Prince
49%
Port Louis
49%
Port Moresby
49%
Port-of-Spain
49%
Port Vila
49%
Athen
48%
Wellington
48%
Dakar
46%
Damaskus
46%
Victoria
46%
Vientiane
46%
Vilnius
46%
Sofia
45%
South Tarawa
45%
Jakarta
42%
Jaunde
42%
Tegucigalpa
42%
Teheran
42%
Colombo
40%
Suva
40%
Niamey
39%
Nikosia
39%
Bischkek
38%
Bissau
38%
Quito
37%
Tiflis
37%
Tirana
37%
Ulaanbaatar
37%
Abu Dhabi
36%
Abuja
36%
Dodoma
36%
Doha
36%
Singapur
35%
Georgetown
34%
Pjöngjang
34%
Chișinău
33%
Guatemala-Stadt
33%
Jerewan
32%
Jerusalem
32%
Kuala Lumpur
32%
Kuwait-Stadt
32%
Nouakchott
30%
Tripolis
30%
Zagreb
30%
Addis Abeba
29%
Conakry
29%
Dili
29%
Nukuʻalofa
29%
Honiara
28%
Accra
26%
Gaborone
26%
Islamabad
25%
Juba
25%
Ljubljana
24%
Dhaka
23%
Freetown
21%
Funafuti
21%
Gitega
21%
Kyiv
21%
Khartum
20%
Dschibuti
19%
Skopje
19%
Phnom Penh
18%
Yamoussoukro
17%
Yaren
17%
N'Djamena
16%
Ngerulmud
15%
Ouagadougou
15%
Mbabane
13%
Apia
12%
Rom
12%
Thimphu
11%
Keine übereinstimmenden Quizze gefunden
Verteilung der Resultate
Anzahl Personen mit jedem Resultat
Perzentil nach korrekt beantworteten Fragen
Ihre Resultats-Entwicklung
Sie haben dieses Quiz noch nicht gespielt